• 首页
  • 本馆介绍
  • 公告通知
  • 最新文献
  • 馆藏检索
  • 电子资源
  • 读者导购
  • 参考咨询
  • 我的图书馆
  • 登录
  • 详细信息显示
  • 放入我的书架
  • 预约/预借图书
  • 作者相关作品
  • 分类相关作品
  • 丛书相关作品
  • 出版社相关作品

书目信息

  • 表格格式
  • 工作单格式
  • 卡片格式
题名:
爱折腾的发明
    
 
作者: 李瑞宏 主编 ;陶国芬 , 胡丽娟 编著 ;大米原创·工作空间 绘
分册:  
出版信息: 杭州   浙江教育出版社  2017
页数: 151页
开本: 24cm
丛书名: 听科学家讲故事
单 册:
中图分类: N19-49
科图分类:
主题词: 创造发明--少儿读物
电子资源:
ISBN: 978-7-5536-5623-6
000 00904oam2 2200277 450
001 6095
005 20180530130044.17
010    @a978-7-5536-5623-6@dCNY28.00(含1光盘)
010    @a978-7-950007-10-5@b光盘
100    @a20170905d2017 cd y0chiy50 ea
101 0  @achi
102    @aCN@b330000
105    @aa z 000yy
200 1  @a爱折腾的发明@9ai zhe teng de fa ming@f李瑞宏主编@g陶国芬, 胡丽娟编著@g大米原创·工作空间绘
210    @a杭州@c浙江教育出版社@d2017
215    @a151页@c图@d24cm@e光盘1片
225 2  @a听科学家讲故事@e典藏版
461  0 @12001 @a听科学家讲故事
606 0  @a创造发明@j少儿读物
690    @aN19-49@v5
701  0 @a李瑞宏@9Li Rui Hong@4主编
702  0 @a陶国芬@9tao guo fen@4编著
702  0 @a胡丽娟@9hu li juan@4编著
712 02 @a大米原创·工作空间@9da mi yuan chuang · gong zuo kong jian@4绘
801  0 @aCN@b91MARC@c20170905
905    @aMuseLib@dN19-49@e129
    
    爱折腾的发明/李瑞宏主编/陶国芬, 胡丽娟编著/大米原创·工作空间绘.-杭州:浙江教育出版社,2017
    151页:图;24cm+光盘1片.-(听科学家讲故事:典藏版)
    
    
    ISBN 978-7-5536-5623-6:CNY28.00(含1光盘)
    
●
相关链接 在E读中查询图书 在五车中查询图书 在当当中查询图书 在豆瓣中查询图书


正题名:爱折腾的发明     索取号:N19-49/129         预约/预借

序号 登录号 条形码 馆藏地/架位号 状态 备注
1 1115958   211159583   第二样本阅览室/ [索取号:N19-49/129] 在馆    
2 1115959   211159592   教育系资料室/ [索取号:N19-49/129] 在馆    
3 1115960   211159609   教育系资料室/ [索取号:N19-49/129] 在馆    
4 1115961   211159618   第三借阅区/ [索取号:N19-49/129] 已借出,限还日期为2018.11.27
借出人:张 蕾  
 
唐山师范学院图书馆 欢迎您!
大连网信软件有限公司© 版权所有